[Event "GER-ch rapid (Women)"]
[Site "Erfurt"]
[Date "2017.07.30"]
[Round "7"]
[White "Bachmann, Sylvia"]
[Black "Birkholz, Olga"]
[Result "0-1"]
[WhiteElo "1677"]
[BlackElo "1987"]
[PlyCount "66"]
[EventDate "2017.07.29"]
[EventType "swiss (rapid)"]
[EventRounds "9"]
[EventCountry "GER"]
[SourceTitle "EXT 2020"]
[Source "ChessBase"]
[SourceDate "2019.10.17"]
[SourceVersion "1"]
[SourceVersionDate "2019.10.17"]
[SourceQuality "1"]

1. e4 c5 2. Nc3 a6 3. g3 g6 4. Bg2 Bg7 5. f4 e6 6. Nf3 Ne7 7. 0-0 d6 8. d3 0-0 9. Qe2 Nbc6 10. Be3 Nd4 11. Qd2 Rb8 12. Rab1 b5 13. h3 Bb7 14. Kh2 f5 15. exf5 Nexf5 16. Bf2 Nxf3+ 17. Bxf3 Bxf3 18. Bg1 Bc6 19. Rfe1 Qd7 20. Ne4 Nd4 21. Re3 e5 22. c3 exf4 23. gxf4 Nf5 24. Re2 Nh4 25. Rf1 Rbe8 26. Qe1 Nf5 27. Qf2 Re7 28. Rfe1 Rfe8 29. Ng5 h6 30. Ne4 Qb7 31. Qg2 Kh7 32. Qg4 Bxe4 33. dxe4 Rxe4 0-1

[Event "GER-ch rapid (Women)"]
[Site "Erfurt"]
[Date "2017.07.30"]
[Round "6"]
[White "Yueksel, Anja"]
[Black "Bachmann, Sylvia"]
[Result "0-1"]
[WhiteElo "1342"]
[BlackElo "1677"]
[PlyCount "50"]
[EventDate "2017.07.29"]
[EventType "swiss (rapid)"]
[EventRounds "9"]
[EventCountry "GER"]
[SourceTitle "EXT 2020"]
[Source "ChessBase"]
[SourceDate "2019.10.17"]
[SourceVersion "1"]
[SourceVersionDate "2019.10.17"]
[SourceQuality "1"]

1. e4 c6 2. d4 d5 3. e5 Bf5 4. Nf3 e6 5. Be2 Nd7 6. Nbd2 Qc7 7. 0-0 0-0-0 8. c4 Ne7 9. Qa4 Kb8 10. b4 Rc8 11. b5 Nb6 12. Qb3 dxc4 13. Bxc4 Ned5 14. bxc6 Qxc6 15. Rb1 Bxb1 16. Bxd5 Qxd5 17. Qxb1 Be7 18. h3 h5 19. Nb3 Rc7 20. Be3 Nc4 21. Bf4 Rhc8 22. Re1 Na3 23. Qd3 Rc3 24. Qe2 Rc2 25. Qd3 Rxa2 0-1

[Event "GER-ch rapid (Women)"]
[Site "Erfurt"]
[Date "2017.07.29"]
[Round "1"]
[White "Bachmann, Sylvia"]
[Black "Zschischang, Marine"]
[Result "0-1"]
[WhiteElo "1677"]
[BlackElo "2063"]
[PlyCount "102"]
[EventDate "2017.07.29"]
[EventType "swiss (rapid)"]
[EventRounds "9"]
[EventCountry "GER"]
[SourceTitle "EXT 2020"]
[Source "ChessBase"]
[SourceDate "2019.10.17"]
[SourceVersion "1"]
[SourceVersionDate "2019.10.17"]
[SourceQuality "1"]

1. e4 e6 2. d4 d5 3. Nd2 dxe4 4. Nxe4 Nd7 5. Nf3 Ngf6 6. Nc3 c5 7. Bd3 a6 8. a4 cxd4 9. Nxd4 Ne5 10. 0-0 Nxd3 11. Qxd3 Bc5 12. Rd1 Qc7 13. Bg5 Bd7 14. Nb3 Be7 15. Qg3 Qxg3 16. hxg3 0-0-0 17. Rd3 Bc6 18. Rad1 e5 19. Na5 h6 20. Rxd8+ Rxd8 21. Be3 Rxd1+ 22. Nxd1 Bxa4 23. b3 Bd7 24. Nc4 Ng4 25. Bb6 Be6 26. Nce3 Nxe3 27. Nxe3 Kd7 28. c4 Kc6 29. Ba5 b5 30. cxb5+ Kxb5 31. Bc3 f6 32. g4 Bxb3 33. Nf5 Bf8 34. Kf1 a5 35. Ke1 a4 36. Kd2 Be6 37. Ne3 a3 38. Ba1 Ka4 39. Kc1 Kb3 40. f3 Bc5 41. Nf1 Bb4 42. Ne3 Bc3 43. Bxc3 Kxc3 44. Nc2 a2 45. Na1 Bc4 46. Nc2 Bf1 47. g3 Be2 48. f4 Bxg4 49. fxe5 fxe5 50. Na1 e4 51. Nc2 e3 0-1

[Event "GER-ch rapid (Women)"]
[Site "Erfurt"]
[Date "2017.07.29"]
[Round "4"]
[White "Daemering, Katrin"]
[Black "Bachmann, Sylvia"]
[Result "1-0"]
[WhiteElo "2021"]
[BlackElo "1677"]
[PlyCount "59"]
[EventDate "2017.07.29"]
[EventType "swiss (rapid)"]
[EventRounds "9"]
[EventCountry "GER"]
[SourceTitle "EXT 2020"]
[Source "ChessBase"]
[SourceDate "2019.10.17"]
[SourceVersion "1"]
[SourceVersionDate "2019.10.17"]
[SourceQuality "1"]

1. e4 c6 2. Nc3 d5 3. Nf3 e6 4. d3 d4 5. Ne2 c5 6. Ng3 Nc6 7. Be2 e5 8. h3 Be7 9. 0-0 Nf6 10. Ne1 0-0 11. f4 exf4 12. Bxf4 Nd7 13. Nf3 f6 14. a3 Qb6 15. Rb1 a5 16. Qe1 Nde5 17. Nh4 Be6 18. Ngf5 Ba2 19. Qg3 g5 20. Bxe5 fxe5 21. Nxe7+ Nxe7 22. Qxg5+ Ng6 23. Ra1 Bf7 24. Nf5 Ra6 25. h4 Kh8 26. h5 Qxb2 27. hxg6 Rxg6 28. Qe7 Kg8 29. Qxe5 Qxc2 30. Ne7# 1-0